000 00463nam a2200145Ia 4500
008 151213s9999 xx 000 0 und d
100 _aআতা সরকার
245 _aনির্বাচিত গল্প।
_cআতা সরকার
260 _aকোলকাতা
_bগ্রন্থ বিকাশ।
_c2005
300 _a8450 p.
650 _aBangla
650 _aBengali Literature
700 _aআতা সরকার
999 _c4288
_d4288